Normal view
MARC view
- Figlie di San Paolo
Entry Personal Name
001 - CONTROL NUMBER
- control field: 16929
003 - CONTROL NUMBER IDENTIFIER
- control field: IT-RoPau
005 - DATE AND TIME OF LATEST TRANSACTION
- control field: 20140322105658.0
008 - FIXED-LENGTH DATA ELEMENTS
- fixed length control field: 140322|| aca||aabn | a|a d
040 ## - CATALOGING SOURCE
- Original cataloging agency: IT-RoPau
- Transcribing agency: IT-RoPau
100 ## - HEADING--PERSONAL NAME
- Personal name: Figlie di San Paolo
670 ## - SOURCE DATA FOUND
- Source citation: Work cat.: (IT-RoPau)30501: Figlie di San Paolo, Costituzioni della Pia Società Fglie di San Paolo, 1953